[Event "Quebec-ch U10"]
[Site "Montreal"]
[Date "2018.01.14"]
[Round "4"]
[White "He, Zekai"]
[Black "Omichi, Kevin"]
[Result "1-0"]
[WhiteElo "1249"]
[BlackElo "1115"]
[PlyCount "131"]
[EventDate "2018.01.12"]
[EventType "swiss"]
[EventRounds "5"]
[EventCountry "CAN"]
[SourceTitle "EXT 2022"]
[Source "ChessBase"]
[SourceDate "2021.10.06"]
[SourceVersion "1"]
[SourceVersionDate "2021.10.06"]
[SourceQuality "1"]

1. d4 d5 2. c4 e6 3. Nc3 Nf6 4. Nf3 Bb4 5. Bg5 Bxc3+ 6. bxc3 0-0 7. cxd5 exd5 8. h3 h6 9. Bh4 Be6 10. e3 Nbd7 11. Bd3 c6 12. 0-0 Qc7 13. Bg3 Qc8 14. Ne5 Nxe5 15. Bxe5 Nd7 16. Bf4 Nf6 17. Qf3 Bf5 18. Bxf5 Qxf5 19. Rab1 b6 20. Rfc1 Rfc8 21. a4 Qe4 22. Qxe4 Nxe4 23. f3 Nd2 24. Rb2 Nc4 25. Re2 f5 26. g4 g5 27. Bg3 Re8 28. Rce1 fxg4 29. hxg4 Re6 30. e4 dxe4 31. Rxe4 Rxe4 32. Rxe4 Nd2 33. Re3 Kf7 34. f4 Nc4 35. Re4 Re8 36. Rxe8 Kxe8 37. fxg5 hxg5 38. Bb8 a5 39. Kf2 Kf7 40. Kf3 Kf6 41. Ke4 Ke6 42. Bc7 Kd7 43. Be5 Nxe5 44. Kxe5 Ke7 45. Kf5 Kf7 46. Kxg5 Kg7 47. Kf5 Kf7 48. g5 Kg7 49. Ke6 Kg6 50. Kd6 b5 51. axb5 a4 52. bxc6 a3 53. c7 a2 54. c8Q a1Q 55. Qg8+ Kf5 56. g6 Qxc3 57. Qe6+ Kg5 58. g7 Qxd4+ 59. Qd5+ Qxd5+ 60. Kxd5 Kf4 61. g8Q Ke3 62. Qg4 Kf2 63. Ke4 Ke1 64. Qg2 Kd1 65. Kd3 Ke1 66. Qe2# 1-0